000 00310nam a22001337a 4500
008 170728b xxu||||| |||| 00| 0 eng d
020 _a9780195384222
041 _aeng
080 _a004
100 _a31
101 _aSHK
245 _aTHE ESSENTIALS OF TECHNICAL COMMUNICATION
_cTEBEAUX,E
942 _2udc
_cBK
999 _c22122
_d22122